Top 20 DaBaby Songs - Statistics

General Stats
  • This quiz has been taken 126 times
  • The average score is 7 of 20
Answer Stats
# Song Project % Correct
1 Suge Baby on Baby
90%
9 Bop Kirk
79%
11 Baby Quality Control: Control the Streets, Vol. 2
73%
10 Vibez Kirk
58%
2 Intro Kirk
55%
12 Baby Sitter Baby on Baby
49%
4 Goin Baby Baby on Baby
42%
5 Walker Texas Ranger Blank Blank
40%
20 iPhone Kirk
34%
14 Pop Star Kirk
33%
16 Next Song Blank Blank
24%
7 Blank Blank Blank Blank
21%
3 Under the Sun Revenge of the Dreamers III
21%
18 4x Blank Blank
20%
15 There He Go Kirk
20%
8 Pony Baby on Baby
17%
17 Beeper Blank Blank
14%
19 Up the Street Baby Talk 5
13%
6 Cash Sh*t Fever
12%
13 Pull Up Music Back On My Baby Jesus Sh!t
8%
No matching quizzes found
Score Distribution
Percent of People with Each Score
Percentile by Number Answered
Your Score History
You have not taken this quiz